000 00643nam a22002052 4500
999 _c8140
_d8140
001 8140
003 BD - JhCC
005 20180218201810.0
008 741222s1962 xxk 000 0 eng d
035 _a(BD - JhCC)8140
040 _aUKM
_cUKM
_dEQO
_dBD - JhCC
041 _aeng
082 0 4 _a613.7
_218
_bREI 1962
100 1 _aReid, M. M.
245 1 0 _aGames and athletics for tropical schools :
_ba collection of games and athletic practices with suggestions for their use, for the nonnon-specialist teacher.
260 _bMacmillan; St. Martins' Press,
_c1962.
300 _a94 p. :
_bill. ;
_c24 cm.
942 _2ddc
_cBK